000 00491nam a22001577a 4500
003 MPLRDC
005 20220104142801.0
008 210129b ||||| |||| 00| 0 eng d
082 _a051.4 K1KC v.34 1986 c.2*
100 _a坤成女子中学高中第卅届毕业特刊筹委会
245 _a坤成第卅届高中毕业特刊. 八六年
_c
260 _a
_b坤成女子中学高中第卅届毕业刊筹委会
_c1986
300 _b
650 _a
942 _cBK
_o051.4 K1KC v.34 1986 c.2*
999 _c33671
_d33661